ロード中...

Life under extreme conditions :

書誌詳細
第一著者: Di Prisco, Guido
フォーマット: Printed Book
出版事項: Berlin ; New York : Springer-Verlag, c1991.
主題:
LEADER 00712pam a2200181 a 4500
020 |a 3540531084 (Berlin : acidfree paper) 
020 |a 0387531084 (New York : acidfree paper) 
082 0 0 |a 577  |b PRI/LI 
100 |a Di Prisco, Guido, 
245 0 0 |a Life under extreme conditions : 
260 |a Berlin ;  |a New York :  |b Springer-Verlag,  |c c1991. 
300 |a vii, 144 p. :  |b ill. ;HB 
500 |a Papers from a session of the 19th FEBS Meeting, held in Rome, July 2-7, 1989. 
650 0 |a Adaptation (Physiology) 
650 0 |a Extreme environments 
942 |c BK 
999 |c 11600  |d 11600 
952 |0 0  |1 0  |4 0  |6 577_000000000000000_PRI_LI  |7 0  |8 NFIC  |9 15487  |a KUFOS  |b KUFOS  |c GEN  |d 2016-08-18  |o 577 PRI/LI  |p 08315  |r 2016-08-18  |w 2016-08-18  |y BK